000 00643nam a22002417a 4500
003 UA-OsUOA
001 95482
007 ta
008 20130301b un ||||| |||| 00| 0 ukr d
100 _aКолесников М. С.
090 _a821.161.1
_bК60
942 _cBK
040 _aUA-OsUOA
_brus
_cUA-OsUOA
_dUA-OsUOA
245 _aОтчизны верный сын
_bроман
300 _a543 с.
955 _a3
041 _arus
080 _a821.161.1
020 _a5-203-00376-9
260 _aМ.
_bВоениздат
_c1989
650 7 _a82 Література. Літературознавство
_2UDC
999 _c381731
_d381731